| 000 | 00758nam a2200229 a 4500 | ||
|---|---|---|---|
| 005 | 20160122200634.0 | ||
| 008 | 140127b2001 ck d gr|||| 00| 0 spa d | ||
| 040 |
_aCO-BoIAVH _cCO-BoIAVH |
||
| 041 | _aspa | ||
| 044 | _ack | ||
| 082 | 4 |
_a598.09861 _bM35i |
|
| 100 | 1 | _aMarquez, César | |
| 245 | 1 | _aInventario y caracterización de la comunidad de aves rapaces (Falconiformes) en el Piedemonte del departamento del Valle del Cauca | |
| 260 |
_aBogotá _bInstituto Alexander von Humboldt _bCVC _c2001 |
||
| 300 |
_a83 paginas.: _bgraficos.; _c28 x 22 cm |
||
| 650 | 4 | _aConservacion | |
| 650 | 4 | _aAves rapaces | |
| 650 | 4 | _aMetodos de estudio | |
| 650 | 4 | _aMetodos de campo | |
| 942 |
_cLIBRO _2ddc |
||
| 945 | _d2007-07-13 | ||
| 999 |
_c5679 _d5679 |
||